Petits edifices historiques: avec notices descriptives facilitant l`etude des styles
Enregistré dans:
| Auteur principal: | |
|---|---|
| Format: | Livre |
| Langue: | français |
| Publié: |
s.l
Librairies-Imprimries Reunies
1907
|
| Édition: | 1a. ed |
| Sujets: | |
| Tags: |
Ajouter un tag
Pas de tags, Soyez le premier à ajouter un tag!
|
MARC
| LEADER | 00000cam a2200000 a 4500 | ||
|---|---|---|---|
| 001 | UCC2452 | ||
| 003 | CL-VaPUC | ||
| 008 | 180302e19070000fr |||||||||||||||||fre|d | ||
| 082 | 0 | 4 | |a 720.9 |b RAG |2 21 |
| 100 | 0 | |a Raguenet, A |e author |9 596548 | |
| 245 | 1 | 0 | |a Petits edifices historiques: avec notices descriptives facilitant l`etude des styles |
| 250 | |a 1a. ed | ||
| 300 | |a v | ||
| 942 | |c BK | ||
| 945 | |d 20180302 15:02:00 |a dcastane | ||
| 260 | |a s.l |b Librairies-Imprimries Reunies |c 1907 | ||
| 500 | |a v.1: Années 1, 2, 3 et 4 | ||
| 500 | |a v.2: Années 5, 6, 7 y 8 | ||
| 650 | 0 | |a Historia de la arquitectura |9 266241 | |
| 650 | 7 | |a HISTORIA DE LA ARQUITECTURA ANTIGUA |2 CL-VaPUC |9 527216 | |
| 650 | 0 | |a Edificios históricos |9 266858 | |
| 583 | |a last modification |c 20180302 15:02:00 |k Rodrigo Vera | ||
| 999 | |c 370578 |d 370576 | ||
| 952 | |0 0 |1 0 |2 ddc |3 erd |4 0 |6 720_900000000000000_RAG_1907 |7 0 |8 A |9 487115 |a BIBARQ |b BIBARQ |c PAC |h v.1 |i 5451191 |o 720.9 RAG 1907 |p 5451191 |r 2025-01-20 |w 2019-11-24 |y BK |z Catalogado en:20180302 |k ARQ | ||
| 952 | |0 0 |1 0 |2 ddc |3 erd |4 0 |6 720_900000000000000_RAG_1907 |7 0 |8 A |9 487116 |a BIBARQ |b BIBARQ |c PAC |h v.2 |i 5451205 |o 720.9 RAG 1907 |p 5451205 |r 2025-01-20 |w 2019-11-24 |y BK |z Catalogado en:20180302 |k ARQ | ||